[Event "Korcsoportos Bajnokság u14f"]
[Site "Balatonlelle"]
[Date "2015.06.24"]
[Round "9.7"]
[White "Tubak, Daniel"]
[Black "Varga, Marcell"]
[Result "1-0"]
[WhiteElo "2032"]
[BlackElo "1478"]
[PlyCount "151"]
[EventDate "2015.06.18"]
[EventType "swiss"]
[EventRounds "9"]
[EventCountry "HUN"]
[WhiteClock "0:20:51"]
[BlackClock "0:14:53"]

1. e4 e5 2. Nf3 Nc6 3. Bb5 d6 4. d4 exd4 5. Nxd4 Bd7 6. O-O Be7 7. Be3 Nf6 8.
Nc3 O-O 9. f3 Nxd4 10. Bxd4 Bxb5 11. Nxb5 a6 12. Nc3 Re8 13. Qd2 Nd7 14. Nd5 h6
15. Qc3 c6 16. Nxe7+ Qxe7 17. Bxg7 Kh7 18. Bd4 Qg5 19. Be3 Qg6 20. Qd2 Ne5 21.
b3 Rg8 22. Bf4 Rae8 23. Kh1 Re6 24. Rad1 Qg7 25. Rf2 Rg6 26. Bxe5 dxe5 27. Qe2
f6 28. Qd2 Rg5 29. Qd7 Kh8 30. Qxg7+ R5xg7 31. Rd6 Rf8 32. Rfd2 Rff7 33. Kg1
Kh7 34. Kf2 Kg6 35. Ke3 Re7 36. g3 Rgf7 37. f4 Kg7 38. Kf3 f5 39. exf5 Rxf5 40.
Rd7 Ref7 41. Rxf7+ Rxf7 42. Rd6 exf4 43. gxf4 Re7 44. f5 Re5 45. Rd7+ Kf6 46.
Rxb7 Rxf5+ 47. Ke3 Re5+ 48. Kd2 Rd5+ 49. Kc1 a5 50. Rb6 Rc5 51. c4 a4 52. Kc2
axb3+ 53. Kxb3 Ke6 54. Kc3 Kd6 55. Rb2 Ra5 56. Kb4 Ra8 57. Rd2+ Kc7 58. a4 Rb8+
59. Kc5 Ra8 60. Kb4 Rb8+ 61. Ka3 Re8 62. a5 Re6 63. Kb4 Re5 64. Rg2 Kb7 65.
Rg7+ Kb8 66. Rg6 Rh5 67. Rxc6 Rxh2 68. Kb5 Rb2+ 69. Ka6 Rb4 70. Rb6+ Rxb6+ 71.
axb6 h5 72. c5 h4 73. c6 h3 74. c7+ Kc8 75. b7+ Kxc7 76. Ka7 1-0

[Event "Korcsoportos Bajnokság u14f"]
[Site "Balatonlelle"]
[Date "2015.06.24"]
[Round "9.9"]
[White "Vodila, Martin Botond"]
[Black "Szabo, Marton Mihaly"]
[Result "1/2-1/2"]
[WhiteElo "1941"]
[BlackElo "1864"]
[PlyCount "39"]
[EventDate "2015.06.18"]
[EventType "swiss"]
[EventRounds "9"]
[EventCountry "HUN"]
[WhiteClock "0:34:13"]
[BlackClock "0:53:39"]

1. e4 c5 2. Nf3 a6 3. d4 cxd4 4. Nxd4 Nf6 5. Nc3 e5 6. Nde2 Bc5 7. Ng3 d6 8.
Be2 O-O 9. O-O h6 10. Kh1 Nc6 11. Nd5 Nxd5 12. exd5 Nd4 13. c3 Nxe2 14. Qxe2 f5
15. b4 Ba7 16. Bb2 b5 17. a4 Bd7 18. axb5 axb5 19. Ra6 Bb6 20. Rfa1 1/2-1/2

[Event "Korcsoportos Bajnokság u14f"]
[Site "Balatonlelle"]
[Date "2015.06.24"]
[Round "9.10"]
[White "Marton, Kristof"]
[Black "Kelemen, David"]
[Result "1/2-1/2"]
[WhiteElo "1482"]
[BlackElo "1943"]
[PlyCount "42"]
[EventDate "2015.06.18"]
[EventType "swiss"]
[EventRounds "9"]
[EventCountry "HUN"]
[WhiteClock "1:11:44"]
[BlackClock "1:19:24"]

1. Nf3 g6 2. g3 Bg7 3. Bg2 d6 4. O-O Nf6 5. d3 O-O 6. e4 e5 7. Bg5 h6 8. Bd2
Ne8 9. Nc3 f5 10. exf5 gxf5 11. Nh4 Nc6 12. Qh5 Nf6 13. Bd5+ Nxd5 14. Nxd5 Be6
15. Bxh6 Bxd5 16. Bxg7 Kxg7 17. Qg6+ Kh8 18. Qh6+ Kg8 19. Qg6+ Kh8 20. Qh6+ Kg8
21. Qg6+ Kh8 1/2-1/2

[Event "Korcsoportos Bajnokság u14f"]
[Site "Balatonlelle"]
[Date "2015.06.24"]
[Round "9.11"]
[White "Kaloczi, Kristof"]
[Black "Bencze, Balazs Dominik"]
[Result "0-1"]
[WhiteElo "1781"]
[BlackElo "1569"]
[PlyCount "50"]
[EventDate "2015.06.18"]
[EventType "swiss"]
[EventRounds "9"]
[EventCountry "HUN"]

1. e4 c5 2. Nf3 d6 3. d4 cxd4 4. Nxd4 Nf6 5. Nc3 a6 6. Bg5 e6 7. f4 Be7 8. Qf3
Nc6 9. O-O-O Qc7 10. Nb3 Bd7 11. g4 O-O-O 12. Bh4 Kb8 13. Bg3 Ka8 14. Bg2 Na7
15. Rhe1 Bc6 16. Nd4 Rc8 17. Re2 Rhd8 18. f5 e5 19. Nb3 h6 20. h4 Nh7 21. Bh3
f6 22. Bf2 b5 23. Nd5 Bxd5 24. Rxd5 Nf8 25. Nd2 Qxc2# 0-1

[Event "Korcsoportos Bajnokság u14f"]
[Site "Balatonlelle"]
[Date "2015.06.24"]
[Round "9.12"]
[White "Szabo, Balint"]
[Black "Kovacs, Mate"]
[Result "1/2-1/2"]
[WhiteElo "1620"]
[BlackElo "1353"]
[PlyCount "82"]
[EventDate "2015.06.18"]
[EventType "swiss"]
[EventRounds "9"]
[EventCountry "HUN"]
[WhiteClock "0:41:31"]
[BlackClock "0:38:24"]

1. e4 e5 2. Nf3 Nc6 3. Bc4 Bc5 4. Nc3 Nf6 5. d3 h6 6. Nd5 d6 7. h3 Nxd5 8. Bxd5
Ne7 9. Bb3 Ng6 10. c3 O-O 11. O-O Kh8 12. d4 exd4 13. cxd4 Bb6 14. Be3 Be6 15.
Bxe6 fxe6 16. Qd2 Nh4 17. Nxh4 Qxh4 18. a4 a5 19. Qd3 Qh5 20. Bd2 Qg6 21. b4
Qf6 22. bxa5 Bxa5 23. Bxa5 Rxa5 24. Ra3 Rg5 25. a5 Qg6 26. g3 Qh5 27. Kg2 Rxa5
28. Rxa5 Qxa5 29. Qc4 Rf6 30. Qb3 b6 31. Qc4 c5 32. Rd1 b5 33. Qc2 c4 34. e5
dxe5 35. dxe5 Rf8 36. Rd7 Qa6 37. Rd6 Qb7+ 38. Kg1 Ra8 39. Kh2 Qc8 40. Qc3 Rb8
41. Rd4 Ra8 1/2-1/2

[Event "Korcsoportos Bajnokság u14f"]
[Site "Balatonlelle"]
[Date "2015.06.24"]
[Round "9.13"]
[White "Nemeth, Balint"]
[Black "Pogany, Zsombor"]
[Result "1/2-1/2"]
[WhiteElo "1617"]
[BlackElo "1658"]
[PlyCount "114"]
[EventDate "2015.06.18"]
[EventType "swiss"]
[EventRounds "9"]
[EventCountry "HUN"]
[WhiteClock "0:20:29"]
[BlackClock "0:14:02"]

1. e4 c6 2. d4 d5 3. Nc3 dxe4 4. Nxe4 Bf5 5. Ng3 Bg6 6. h4 h6 7. Nf3 Nd7 8. h5
Bh7 9. Bd3 Bxd3 10. Qxd3 Ngf6 11. Bf4 e6 12. O-O-O Nd5 13. Bd2 Bd6 14. Ne4 N7f6
15. g3 Nxe4 16. Qxe4 Qc7 17. c4 Nf6 18. Qe1 Qe7 19. c5 Bc7 20. Bb4 O-O-O 21.
Rd3 Nd5 22. Ba5 Rhe8 23. Ra3 a6 24. Ne5 f6 25. Nc4 Rf8 26. Bxc7 Nxc7 27. Nd6+
Rxd6 28. cxd6 Qxd6 29. Rd3 Nb5 30. Rh4 Qd5 31. Qb4 Rd8 32. a4 Nd6 33. Qc5 Qg2
34. Qc2 Nf5 35. Rf4 Qh1+ 36. Qd1 Qg2 37. Qe1 Qd5 38. g4 Nd6 39. Rff3 Nf7 40.
Rfe3 Rd6 41. Qc3 Qg2 42. f3 Qg3 43. Qb3 Qf4 44. Kb1 Nd8 45. Qd1 Kb8 46. Re4 Qh2
47. Qe1 Ka8 48. Rd2 Qh3 49. Qf2 Kb8 50. Re1 Nf7 51. Rg1 Ng5 52. Rd3 e5 53. Ra3
Rxd4 54. Ka2 Rf4 55. Rg3 Qh4 56. Rb3 Rd4 57. Qg1 Ne6 1/2-1/2

[Event "Korcsoportos Bajnokság u14f"]
[Site "Balatonlelle"]
[Date "2015.06.24"]
[Round "9.14"]
[White "Pasztor, Bence"]
[Black "Birovecz, Ben Jordan"]
[Result "0-1"]
[WhiteElo "1598"]
[BlackElo "1470"]
[PlyCount "50"]
[EventDate "2015.06.18"]
[EventType "swiss"]
[EventRounds "9"]
[EventCountry "HUN"]

1. e4 c5 2. Nf3 e6 3. c4 Nc6 4. Nc3 Nf6 5. d4 cxd4 6. Nxd4 Bb4 7. Nxc6 bxc6 8.
Bd3 O-O 9. O-O e5 10. Kh1 d6 11. a3 Bc5 12. Na4 Bd4 13. Rb1 Ng4 14. Qc2 Qh4 15.
h3 Nxf2+ 16. Rxf2 Bxf2 17. Bg5 Qg3 18. Rf1 Bd4 19. Qd2 f6 20. c5 Be6 21. Bh6
gxh6 22. Qxh6 Be3 23. Rf3 Qe1+ 24. Rf1 Qxf1+ 25. Bxf1 Bxh6 0-1

[Event "Korcsoportos Bajnokság u14f"]
[Site "Balatonlelle"]
[Date "2015.06.24"]
[Round "9.15"]
[White "Balogh, Akos"]
[Black "Ruska, Zoltan Jr"]
[Result "1/2-1/2"]
[WhiteElo "1568"]
[BlackElo "1364"]
[PlyCount "48"]
[EventDate "2015.06.18"]
[EventType "swiss"]
[EventRounds "9"]
[EventCountry "HUN"]
[WhiteClock "1:15:35"]
[BlackClock "1:14:29"]

1. d4 d5 2. c4 Bf5 3. Nf3 e6 4. e3 c6 5. Nc3 Bb4 6. Bd2 Nf6 7. Nh4 Be4 8. Nf3
Bf5 9. a3 Bxc3 10. Bxc3 O-O 11. Bd3 Bxd3 12. Qxd3 dxc4 13. Qxc4 Qd5 14. Qxd5
cxd5 15. Ne5 Nc6 16. Nxc6 bxc6 17. Bb4 Rfe8 18. O-O Ne4 19. Rfc1 a5 20. Be1
Rec8 21. Rc2 Nd6 22. Rac1 Ra6 23. b3 g6 24. h3 h5 1/2-1/2